000 02298ncm0a2200397 4500
001 RU\NLR\ONIZ\208661
005 20260217123815.3
035 _a(NLR Aleph) 010889533
090 _a10544651
_c10544651
100 _a20150204d1945 |||y0rusy50 ca
101 0 _arus
102 _aRU
125 _azx
145 0 _ac
200 1 _aНе тревожь ты себя, не тревожь
_bНоты
_eдля голоса и фп.
_fмуз. В. Седого
_gсл. М. Исаковского
210 _aМосква
_cМузыкальный фонд Союза ССР
_d1945
215 _a4 с.
_d28 см
300 _aСтеклогр. изд.
313 _aСистематизация документа проведена по изданию - Методика классифицирования музыкальных произведений (нотных изданий) по таблицам Библиотечно-библиографических классификаций : метод. рекомендации / Гос. б-ка СССР им. В.И. Ленина.- М., 1977. Индексу ББК методических рекомендаций присваивается код ББК для научных библиотек - LBC/SL
606 1 _aВеликая Отечественная Война 1941-1945 в песнях.
_yРоссия
_z20-21 вв.
_jНоты
_2nlr_sh
606 1 _z1941-1945
_aВеликая Отечественная война (1941-1945) в музыке
_yСССР
_jНоты
_2nlr_sh
686 _aЩ943.4-42-041.3(2)
_vLBC/SL
_2rubbk
700 1 _6z01790
_aСоловьев-Седой
_bВ. П.
_f1907-1979
_gВасилий Павлович
_4230
_7ca
702 1 _6z02790
_aИсаковский
_bМ. В.
_f1900-1973
_gМихаил Васильевич
_4520
_7ca
790 1 _6z01700
_aSolov`jov-Sedoj
_bV. P.
_f1907-1979
_gVasilij Pavlovič
_4230
_7ba
790 1 _6z02702
_aIsakovskij
_bM. V.
_f1900-1973
_gMiсhail Vasil'evič
_4520
_7ba
801 0 _aRU
_bNLR
_c20150204
_gPSBO
801 1 _aRU
_bNLR
_c20150204
_2rusmarc
801 2 _aRU
_bNLR
_c20160804
852 _aNLR
_jМ 236-3/666
_m63041
_t1
942 _cSCORE
945 _aРоссийская национальная библиотека
980 _aNB
980 _aBV
980 _aONIZ